Boeing Aircraft - Statistics

General Stats
  • This quiz has been taken 172 times
  • The average score is 9 of 12
Answer Stats
Picture Answer % Correct
747
97%
727
94%
737
94%
707
91%
717
91%
757
84%
777
84%
787
83%
767
81%
747-200
41%
757-200
37%
787 Dreamliner
16%
No matching quizzes found
Score Distribution
Percent of People with Each Score
Percentile by Number Answered
Your Score History
You have not taken this quiz